000 002390000a22000970004500
100 1 _aBaker, John P.
245 1 0 _aBiblical attitudes to romantic love
300 _aNum. 35 (1984), Páginas 91-128
773 0 _tTyndale Bulletin
942 _cANA
999 _c56673
_d56673